| Поле | Инд. | ПП | Название | Значение |
|---|---|---|---|---|
| Тип записи | a | |||
| Библиографический уровень | m | |||
| 001 | Контрольный номер | RU/IS/BASE/163944007 | ||
| 005 | Дата корректировки | 20230216105650.7 | ||
| 020 | 00 | a | ISBN | 5-86404-125-4 |
| 040 | b | Код языка каталог. | rus | |
| 041 | 0_ | a | Код языка текста | rus |
| 080 | 00 | a | Индекс УДК | 004.42 |
| 084 | a | Индекс другой классификации/Индекс ББК | 32.973.26-018.1 | |
| 090 | 00 | a | Полочн. индекс | 681.3 |
| x | Авторский знак | П64 | ||
| 097 | b | Оператор | 11 | |
| 100 | 10 | a | Автор | Потёмкин В. Г. |
| 245 | 00 | a | Заглавие | Система инженерных и научных расчётов MATLAB 5.Х |
| b | Продолж. заглавия | в 2 т. | ||
| n | Номер части/ раздела | Т. 2 | ||
| 260 | 00 | a | Место издания | М. |
| b | Издательство | Диалог-МИФИ | ||
| c | Дата издания | 1999 | ||
| 300 | 00 | a | Объем | 304 с. |
| 510 | 0_ | a | Примечание о ссылках | Книги и методические пособия |
| 650 | 04 | a | Основная рубрика | 50.05 Теоретические основы программирования |
| x | Основная подрубрика | 50.05.09 Языки программирования | ||
| 653 | 00 | a | Ключевые слова | языки программирования; matlab |
| 901 | t | Тип документа | m |